| 000 | 00984nam a2200277 i 4500 | ||
|---|---|---|---|
| 003 | DO-SdBNP | ||
| 005 | 20250122130826.0 | ||
| 006 | a||||gr|||| 00| 0 | ||
| 007 | ta | ||
| 008 | 240815e2004 dr ||||| |||| 00| 0 spa d | ||
| 040 |
_aDO-SdBNP _bspa _cBNPHU _erda |
||
| 082 | 4 |
_222 _bS939r |
|
| 100 | 1 |
_aNg Báez, Rosa _eautora _974790 |
|
| 245 | 1 | 0 |
_aRepública Dominicana: _breflexiones sobre política exterior, seguridad y defensa / _cRosa Ng. Báez; editor, Sócrates Suazo Ruiz. |
| 264 |
_aSanto Domigo : _bEdita-Libro, Editores, _c2004 |
||
| 300 |
_a76 páginas ; _c21 cm. |
||
| 336 |
_2rdacontent _atexto _btxt |
||
| 337 |
_2rdamedia _asin mediación _bn |
||
| 338 |
_2rdacarrier _avolumen _bnc |
||
| 500 | _aIncluye datos biográficos del autor en la solapa de la contracubierta. | ||
| 500 | _aIncluye notas, página 71. | ||
| 500 | _aIncluye abreviatura, páginas 69, 70. | ||
| 504 | _aBibliografía: páginas 65-67. | ||
| 590 | _aInventariado 2024 / MF | ||
| 942 |
_2ddc _cLBS1 |
||
| 999 |
_c57473 _d57473 |
||